Central Library OPAC University of Rajshahi

সংক্ষিপ্ত ইসলামী বিশ্বকোষ / (Record no. 84588)

MARC details
000 -LEADER
fixed length control field 01048nam a22002297a 4500
001 - CONTROL NUMBER
control field 84588
003 - CONTROL NUMBER IDENTIFIER
rucl marc code BD-RjUL
005 - DATE AND TIME OF LATEST TRANSACTION
control field 20250113093102.0
008 - FIXED-LENGTH DATA ELEMENTS--GENERAL INFORMATION
fixed length control field 250113s2006 bg ||||| e||| 001 0 ben d
035 ## - SYSTEM CONTROL NUMBER
System control number (BD-RjUL)84588
040 ## - CATALOGING SOURCE
Original cataloging agency BD-RjUL
Language of cataloging ben
Transcribing agency BD-RjUL
041 ## - LANGUAGE CODE
Language code of text/sound track or separate title ben
082 ## - DEWEY DECIMAL CLASSIFICATION NUMBER
Edition number 23
Classification number 297.03
Author mark and year ISL 2006
245 ## - TITLE STATEMENT
Title সংক্ষিপ্ত ইসলামী বিশ্বকোষ /
Remainder of title [৪র্থ খন্ড ]
Statement of responsibility, etc. সম্পাদনা পরিষদ কতৃর্ক সংকলিত ও সম্পাদিত
260 ## - PUBLICATION, DISTRIBUTION, ETC. (IMPRINT)
Place of publication, distribution, etc. ঢাকা :
Name of publisher, distributor, etc. ইসলামী বিশ্বকোষ প্রকল্প, ইসলামিক ফাউন্ডেশন বাংলাদেশ,
Date of publication, distribution, etc. ২০০৬
300 ## - PHYSICAL DESCRIPTION
Pagination ৪র্থ খন্ড ;
Illustrations ২৮ সেমি.
504 ## - BIBLIOGRAPHY, ETC. NOTE
Bibliography, etc গ্রন্থপঞ্জি ও সূচী অন্তর্ভুক্ত.
505 ## - FORMATTED CONTENTS NOTE
Formatted contents note ৪র্থ খন্ড,
650 ## - SUBJECT ADDED ENTRY--TOPICAL TERM
Topical term or geographic name as entry element Islam
Form subdivision Encyclopedias
Topical term or geographic name as entry element Islam
Form subdivision Encyclopedias.
Geographic subdivision Bangladesh
9 (RLIN) 14770
942 ## - ADDED ENTRY ELEMENTS (KOHA)
Source of classification or shelving scheme Dewey Decimal Classification
Koha item type Books
Holdings
Lost status Source of classification or shelving scheme Damaged status Not for loan Permanent Location Current Location Shelving location Date acquired Total Checkouts Full call number Date last seen Copy number Koha item type
  Dewey Decimal Classification   Not For Loan Central Library, University of Rajshahi Central Library, University of Rajshahi Documentation Section 09/06/2009   BR 297.03 V-1 ISL 2006 13/01/2025 C-1 Books
  Dewey Decimal Classification   Not For Loan Central Library, University of Rajshahi Central Library, University of Rajshahi Documentation Section 18/09/2011   BR 297.03 V-2 ISL 2006 13/01/2025 C-2 Books
  Dewey Decimal Classification   Not For Loan Central Library, University of Rajshahi Central Library, University of Rajshahi Documentation Section 07/06/2009   BR 297.03 V-1 ISL 2006 13/01/2025 C-2 Books
  Dewey Decimal Classification   Not For Loan Central Library, University of Rajshahi Central Library, University of Rajshahi Documentation Section 07/06/2009   BR 297.03 V-2 ISL 2006 13/01/2025 C-3 Books